The impact of legislative amendments on adjudication (Record no. 113001)

MARC details
000 -LEADER
fixed length control field 01075cad a22002535a 4500
001 - CONTROL NUMBER
control field L154476
008 - FIXED-LENGTH DATA ELEMENTS--GENERAL INFORMATION
fixed length control field 111212s2011 xxkqr p 0 a0eng u
035 ## - SYSTEM CONTROL NUMBER
System control number (Sirsi) u154476
041 0# - LANGUAGE CODE
Language code of text/sound track or separate title eng
100 1# - MAIN ENTRY--PERSONAL NAME
Personal name Savage, David
110 2# - MAIN ENTRY--CORPORATE NAME
Corporate name or jurisdiction name as entry element Charles Russell LLP
9 (RLIN) 5345
245 04 - TITLE STATEMENT
Title The impact of legislative amendments on adjudication
Medium [electronic resource]
260 ## - PUBLICATION, DISTRIBUTION, ETC.
Place of publication, distribution, etc. [S.l.]
Name of publisher, distributor, etc. Charles Russell LLP
Date of publication, distribution, etc. 2011
520 ## - SUMMARY, ETC.
Summary, etc. A summary and explanation of the main legislative changes to the Construction Act.
590 ## - LOCAL NOTE (RLIN)
Local note KA
650 24 - SUBJECT ADDED ENTRY--TOPICAL TERM
Topical term or geographic name entry element HOUSING GRANTS, CONSTRUCTION AND REGENERATION ACT 1996
650 24 - SUBJECT ADDED ENTRY--TOPICAL TERM
Topical term or geographic name entry element LOCAL DEMOCRACY, ECONOMIC DEVELOPMENT AND CONSTRUCTION ACT 2009
651 #4 - SUBJECT ADDED ENTRY--GEOGRAPHIC NAME
Geographic name England and Wales
Chronological subdivision 1543-
690 ## - LOCAL SUBJECT ADDED ENTRY--TOPICAL TERM (OCLC, RLIN)
Topical term or geographic name as entry element BUILT ENVIRONMENT-CONSTRUCTION MANAGEMENT-BUILDING CONTRACT ADMINISTRATION
690 ## - LOCAL SUBJECT ADDED ENTRY--TOPICAL TERM (OCLC, RLIN)
Topical term or geographic name as entry element Procurement
9 (RLIN) 6260
700 1# - ADDED ENTRY--PERSONAL NAME
Personal name Middleton, Roberta
856 40 - ELECTRONIC LOCATION AND ACCESS
Uniform Resource Identifier <a href="https://www.mondaq.com/x/151914/Building+Construction/The+Impact+Of+Legislative+Amendments+On+Adjudication&email_access=on">https://www.mondaq.com/x/151914/Building+Construction/The+Impact+Of+Legislative+Amendments+On+Adjudication&email_access=on</a>
Public note View the article free of charge at www.mondaq.com
942 ## - ADDED ENTRY ELEMENTS (KOHA)
Suppress in OPAC 0
Holdings
Withdrawn status Lost status Source of classification or shelving scheme Damaged status Not for loan Home library Current library Shelving location Date acquired Total Checkouts Full call number Barcode Date last seen Copy number Price effective from Koha item type
    Dewey Decimal Classification     Virtual Virtual Online 12/12/2011   ONLINE PUBLICATION 154476-2001 06/08/2019 1 06/08/2019 Book